[Event "GER-chT Lands U20"]
[Site "Hannover"]
[Date "2016.10.03"]
[Round "5.4"]
[White "Dietz, Florian"]
[Black "Tettmann, Ann Kathrin"]
[Result "1-0"]
[WhiteElo "1871"]
[BlackElo "1750"]
[PlyCount "61"]
[EventDate "2016.10.01"]
[EventType "team-swiss"]
[EventRounds "7"]
[EventCountry "GER"]
[SourceTitle "CBM 174 Extra"]
[Source "ChessBase"]
[SourceDate "2016.10.10"]
[SourceVersion "1"]
[SourceVersionDate "2016.10.10"]
[SourceQuality "1"]
[WhiteTeam "Sachsen Anhalt"]
[BlackTeam "Saarland/Rheinland Pfalz"]
[WhiteTeamCountry "GER"]
[BlackTeamCountry "GER"]

1. e4 g6 2. d4 c6 3. Nf3 Nf6 4. Bd3 Bg7 5. 0-0 0-0 6. Bg5 d6 7. c4 Nbd7 8. d5 Nc5 9. Nc3 e5 10. b4 Nxd3 11. Qxd3 h6 12. Bh4 Qc7 13. dxc6 bxc6 14. Rfd1 Ne8 15. b5 Bb7 16. Rac1 a6 17. b6 Qd7 18. c5 g5 19. Bg3 Qd8 20. Bxe5 Bxe5 21. Nxe5 Qe7 22. Ng4 Qe6 23. Qh3 Kg7 24. cxd6 Nxd6 25. e5 Nf5 26. Ne4 Rfd8 27. Nc5 Qe7 28. Qc3 Kg6 29. e6 Rab8 30. Ne5+ Kh7 31. Nxf7 1-0

[Event "GER-ch U18 Girls"]
[Site "Magdeburg"]
[Date "2014.06.13"]
[Round "8"]
[White "Doepper, Anna Berenice"]
[Black "Tettmann, Ann Kathrin"]
[Result "0-1"]
[WhiteElo "1646"]
[BlackElo "1631"]
[PlyCount "36"]
[EventDate "2014.06.08"]
[EventType "swiss"]
[EventRounds "9"]
[EventCountry "GER"]
[SourceTitle "CBM 160 Extra"]
[Source "ChessBase"]
[SourceDate "2014.07.01"]
[SourceVersion "1"]
[SourceVersionDate "2014.07.01"]
[SourceQuality "1"]

1. e4 c5 2. c3 b6 3. d4 Bb7 4. Bd3 e6 5. Nf3 Nf6 6. e5 Nd5 7. 0-0 Be7 8. Qc2 h6 9. Qe2 Nc6 10. a3 0-0 11. Bc2 Bg5 12. Nxg5 hxg5 13. Qh5 f5 14. Bxg5 Qe8 15. Qd1 Qg6 16. Be3 Nxe3 17. fxe3 Nxd4 18. Qd2 Nf3+ 0-1

[Event "GER-ch U18 Girls"]
[Site "Oberhof"]
[Date "2013.05.24"]
[Round "8"]
[White "Tettmann, Ann Kathrin"]
[Black "Spieker, Christine"]
[Result "1-0"]
[WhiteElo "1871"]
[BlackElo "1689"]
[PlyCount "67"]
[EventDate "2013.05.19"]
[EventType "swiss"]
[EventRounds "9"]
[EventCountry "GER"]
[SourceTitle "CBM 154 Extra"]
[Source "ChessBase"]
[SourceDate "2013.06.25"]
[SourceVersion "2"]
[SourceVersionDate "2013.06.25"]
[SourceQuality "1"]

1. c4 Nf6 2. Nc3 g6 3. g3 Bg7 4. Bg2 0-0 5. d3 c5 6. e4 Nc6 7. Nge2 d6 8. 0-0 Bd7 9. h3 Rb8 10. Be3 a6 11. Qd2 Qc8 12. Kh2 Re8 13. Bh6 Bh8 14. f4 b5 15. b3 Nh5 16. Rae1 Ng7 17. f5 Ne5 18. f6 exf6 19. Nd5 Ne6 20. Nxf6+ Bxf6 21. Rxf6 Qc7 22. Nc3 Ng7 23. Nd5 Qc6 24. Rf2 Be6 25. Nf6+ Kh8 26. Nxe8 Rxe8 27. Ref1 Qc7 28. cxb5 axb5 29. d4 cxd4 30. Qxd4 Qc5 31. Qd2 Rc8 32. Qg5 Nd3 33. Qf6 Qe5 34. Bxg7+ 1-0

[Event "GER-ch U18 Girls"]
[Site "Oberhof"]
[Date "2013.05.21"]
[Round "4"]
[White "Tettmann, Ann Kathrin"]
[Black "Schaefer, Ann Kathrin"]
[Result "0-1"]
[WhiteElo "1871"]
[BlackElo "1846"]
[PlyCount "100"]
[EventDate "2013.05.19"]
[EventType "swiss"]
[EventRounds "9"]
[EventCountry "GER"]
[SourceTitle "CBM 154 Extra"]
[Source "ChessBase"]
[SourceDate "2013.06.25"]
[SourceVersion "2"]
[SourceVersionDate "2013.06.25"]
[SourceQuality "1"]

1. d4 d5 2. c4 e6 3. Nc3 c5 4. dxc5 d4 5. Ne4 Bxc5 6. Nf3 Nc6 7. Bd2 Be7 8. Qb3 Nf6 9. Nxf6+ Bxf6 10. Rd1 e5 11. e4 0-0 12. Be2 b6 13. 0-0 Qe7 14. Rfe1 Bb7 15. Bd3 Rfd8 16. h3 Rac8 17. Nh2 Bg5 18. Bxg5 Qxg5 19. Nf3 Qe7 20. Qb5 Re8 21. a3 Na5 22. b4 Nc6 23. Rb1 Nb8 24. Qa4 Bc6 25. b5 Ba8 26. Qb4 Nd7 27. Nd2 Nc5 28. Bf1 Qh4 29. g3 Qf6 30. f3 Qg5 31. Kg2 Re6 32. h4 Qd8 33. Nb3 Rg6 34. Kf2 Nxe4+ 35. fxe4 Qf6+ 36. Kg1 Qxh4 37. Bg2 Qxg3 38. Rb2 Rxc4 39. Qxc4 Qxe1+ 40. Kh2 Qh4+ 41. Kg1 Qd8 42. Rc2 Bxe4 43. Qc8 Rxg2+ 44. Kf1 Qf8 45. Qxf8+ Kxf8 46. Rxg2 Bxg2+ 47. Kxg2 Ke7 48. Kf3 f5 49. Nd2 Ke6 50. a4 Kd5 0-1

[Event "GER-ch Net qual3 U18"]
[Site "Playchess.com INT"]
[Date "2012.09.08"]
[Round "6"]
[White "Tendick, Lucas"]
[Black "Tettmann, Ann Kathrin"]
[Result "1-0"]
[WhiteElo "1279"]
[BlackElo "1857"]
[PlyCount "65"]
[EventDate "2012.09.08"]
[EventType "swiss (blitz)"]
[EventRounds "7"]
[EventCountry "GER"]
[SourceTitle "CBM 150 Extra"]
[Source "ChessBase"]
[SourceDate "2012.10.19"]
[SourceVersion "1"]
[SourceVersionDate "2012.10.19"]
[SourceQuality "1"]

1. e4 c5 2. Nf3 d6 3. d4 cxd4 4. Nxd4 Nf6 5. Nc3 a6 6. Bg5 e6 7. f4 Be7 8. e5 dxe5 9. fxe5 Nfd7 10. Bxe7 Qxe7 11. Bd3 Qh4+ 12. g3 Qxd4 13. Rf1 Qxe5+ 14. Kd2 Nc6 15. Qg4 Nc5 16. Rae1 Qd4 17. Qh5 g6 18. Qf3 Qg7 19. Bc4 0-0 20. h4 Rd8+ 21. Kc1 Ne5 22. Qf4 Nxc4 23. Qxc4 b6 24. h5 Qh6+ 25. Kb1 Qxh5 26. Rh1 Qf5 27. Qh4 h5 28. Ref1 Qg4 29. Qxd8+ Kg7 30. Qf6+ Kh6 31. Qxf7 Qxg3 32. Rfg1 Qe5 33. Qxg6# 1-0

[Event "GER-ch Net qual3 U18"]
[Site "Playchess.com INT"]
[Date "2012.09.08"]
[Round "4"]
[White "Tettmann, Ann Kathrin"]
[Black "Meyers, Mark"]
[Result "0-1"]
[WhiteElo "1857"]
[BlackElo "1920"]
[PlyCount "92"]
[EventDate "2012.09.08"]
[EventType "swiss (blitz)"]
[EventRounds "7"]
[EventCountry "GER"]
[SourceTitle "CBM 150 Extra"]
[Source "ChessBase"]
[SourceDate "2012.10.19"]
[SourceVersion "1"]
[SourceVersionDate "2012.10.19"]
[SourceQuality "1"]

1. d4 Nf6 2. c4 e6 3. a3 c5 4. e3 Be7 5. Nc3 0-0 6. Nf3 b6 7. Be2 Bb7 8. 0-0 d6 9. Rb1 Nbd7 10. b4 cxb4 11. axb4 Rc8 12. Ba3 Ba6 13. b5 Bb7 14. Nd2 d5 15. Bxe7 Qxe7 16. Ra1 Ra8 17. Qb3 Rfc8 18. Rfc1 dxc4 19. Nxc4 Nd5 20. f3 Nxc3 21. Rxc3 Nf6 22. e4 Qd7 23. Rd3 Rc7 24. Ne5 Qe8 25. Bd1 Nd7 26. Nc4 Qe7 27. Rc1 Rac8 28. Qa4 Ba8 29. Bb3 Qg5 30. Rcd1 Nf6 31. Ne5 Nh5 32. Ng4 Nf4 33. R3d2 h5 34. Ne5 Rc1 35. Rb2 Rxd1+ 36. Bxd1 Rc1 37. Nc6 Nd3 38. Re2 Nf4 39. Ra2 Nh3+ 40. Kh1 Nf4 41. Nxa7 Ra1 42. Nc6 Rxa2 43. Qxa2 Bxc6 44. bxc6 Qb5 45. h3 Qxc6 46. Qb3 b5 0-1

[Event "GER-ch Net qual3 U18"]
[Site "Playchess.com INT"]
[Date "2012.09.08"]
[Round "7"]
[White "Tettmann, Ann Kathrin"]
[Black "Schaefer, Ann Kathrin"]
[Result "1-0"]
[WhiteElo "1857"]
[BlackElo "1501"]
[PlyCount "49"]
[EventDate "2012.09.08"]
[EventType "swiss (blitz)"]
[EventRounds "7"]
[EventCountry "GER"]
[SourceTitle "CBM 150 Extra"]
[Source "ChessBase"]
[SourceDate "2012.10.19"]
[SourceVersion "1"]
[SourceVersionDate "2012.10.19"]
[SourceQuality "1"]

1. d4 e5 2. dxe5 Nc6 3. Nf3 Qe7 4. Bf4 Qb4+ 5. Nbd2 Qxf4 6. e3 Qb4 7. b3 d6 8. exd6 Bxd6 9. Bc4 Nf6 10. Ng5 0-0 11. 0-0 Ne5 12. Nde4 Nxe4 13. Nxe4 Nxc4 14. bxc4 Qxc4 15. Nxd6 cxd6 16. Qxd6 Be6 17. Qe7 Qxc2 18. Qxb7 Qg6 19. Qf3 Rad8 20. a4 Bd5 21. Qh3 Rfe8 22. Rfd1 Re5 23. f4 Rh5 24. Qf3 Bxf3 25. Rxd8# 1-0

[Event "GER-ch U16 Girls"]
[Site "Oberhof"]
[Date "2012.06.01"]
[Round "8"]
[White "Tettmann, Ann Kathrin"]
[Black "Steimbach, Isabel"]
[Result "1-0"]
[WhiteElo "1622"]
[BlackElo "1759"]
[PlyCount "81"]
[EventDate "2012.05.27"]
[EventType "swiss"]
[EventRounds "9"]
[EventCountry "GER"]
[SourceTitle "CBM 148 Extra"]
[Source "ChessBase"]
[SourceDate "2012.06.22"]
[SourceVersion "1"]
[SourceVersionDate "2012.06.22"]
[SourceQuality "1"]

1. d4 d5 2. c4 e6 3. Nf3 Nf6 4. g3 Be7 5. Bg2 0-0 6. 0-0 b6 7. Nc3 Bb7 8. Ne5 Nbd7 9. Qa4 Nxe5 10. dxe5 Ng4 11. cxd5 Nxe5 12. d6 Bxg2 13. dxe7 Qxe7 14. Kxg2 c5 15. Rd1 a6 16. Bf4 b5 17. Qe4 Nc4 18. b3 f5 19. Qf3 e5 20. bxc4 exf4 21. Qxf4 b4 22. Na4 g5 23. Qd2 Rad8 24. Qc2 f4 25. Rxd8 Rxd8 26. Qf5 fxg3 27. hxg3 Rf8 28. Qxc5 Qxe2 29. Qxg5+ Kh8 30. Qc5 Kg8 31. Qd5+ Kh8 32. Qd4+ Kg8 33. c5 a5 34. Nb6 Rf7 35. Qe3 Qb2 36. Rd1 Qf6 37. Rd6 Qf5 38. Rd8+ Kg7 39. Qd4+ Rf6 40. Nd5 Qf3+ 41. Kg1 1-0